| 000 | 00000cam 2200000zi 4500 |
| 001 | 9.962560 |
| 003 | CaOODSP |
| 005 | 20260513120314 |
| 006 | m o d f |
| 007 | cr bn |||||||| |
| 008 | 260505t20262026onc oz f000 0 eng d |
| 020 | |a9780660998336 |
| 040 | |aCaOODSP|beng|erda|cCaOODSP |
| 041 | 0 |aeng|afre |
| 043 | |an-cn---|ae-un--- |
| 086 | 1 |aFR4-2026/7-PDF |
| 245 | 10|aUkraine / Customs - Agreement between Canada and Ukraine on Mutual Administrative Assistance in Customs Matters = |bUkraine / Douanes - Accord entre le Canada et l'Ukraine concernant l'assistance administrative mutuelle en matière douanière. |
| 246 | 11|aUkraine / Douanes - Accord entre le Canada et l'Ukraine concernant l'assistance administrative mutuelle en matière douanière |
| 264 | 1|a[Ottawa] : |bTreaty Law Division of the Department of Foreign Affairs, Trade and Development = Direction du droit des traités du Ministère des affaires étrangères, du commerce et du développement, |c[2026] |
| 264 | 4|c©2026 |
| 300 | |a1 online resource (14, 14 pages). |
| 336 | |atext|btxt|2rdacontent |
| 337 | |acomputer|bc|2rdamedia |
| 338 | |aonline resource|bcr|2rdacarrier |
| 490 | 1 |aTreaty series = |aRecueil des traités ; |v2026/7 |
| 500 | |a"Done at Kyiv on 24 August 2025. In Force on 7 April 2026." |
| 500 | |aAlternate pages have duplicate numbering. |
| 546 | |aText in English and French. |
| 650 | 0|aCustoms administration|xLaw and legislation. |
| 651 | 0|aCanada|xForeign relations|xTreaties. |
| 651 | 0|aUkraine|xForeign relations|vTreaties. |
| 655 | 7|aTreaties|2lcgft |
| 710 | 1 |aCanada. |bGlobal Affairs Canada. |bTreaty Law Division, |eissuing body. |
| 710 | 1 |aCanada, |eparticipant in treaty. |
| 788 | |tUkraine / Customs - Agreement between Canada and Ukraine on Mutual Administrative Assistance in Customs Matters = |efre|w(CaOODSP)9.962559 |
| 830 | #0|aCanada treaty series ;|v2026/7.|w(CaOODSP)9.811730 |
| 856 | 40|qPDF|s810 KB|uhttps://publications.gc.ca/collections/collection_2026/amc-gac/FR4-2026-7.pdf |